SPHL Teams - Statistics

General Stats
  • This quiz has been taken 38 times
  • The average score is 9 of 10
Answer Stats
City Team Name % Correct
Huntsville, AL Huntsville Havoc
96%
Birmingham, AL Birmingham Bulls
92%
Pensacola, FL Pensacola Ice Flyers
92%
Fayetteville, NC Fayetteville Marksmen
88%
Knoxville, TN Knoxville Ice Bears
88%
Peoria, IL Peoria Rivermen
88%
Macon, GA Macon Mayhem
85%
Roanoke, VA Roanoke Rail Yard Dawgs
81%
Evansville, IN Evansville Thunderbolts
77%
Moline, IL Quad City Storm
77%
No matching quizzes found
Score Distribution
Percent of People with Each Score
Percentile by Number Answered
Your Score History
You have not taken this quiz